Statistics for Cities over 5M A-Z

Click here to take the quiz!

General Stats

  • This quiz has been taken 47 times
  • The average score is 19 of 21

Answer Stats

LetterCities% Correct
BBeijing | Bangkok | Buenos Aires | Bangalore +5 others
100%
CCairo | Chennai | Chicago | Chengdu +2 others
100%
DDelhi | Dhaka | Dallas | Dar es Salaam +2 others
98%
LLagos | Los Angeles | London | Lahore +2 others
98%
MManila | Mumbai | Mexico City | Moscow +4 others
98%
SShanghai | Seoul | Sao Paulo | Shenyang +8 others
98%
WWuhan | Washington | Wenzhou
98%
AAhmedabad | Atlanta | Alexandria | Abidjan +3 others
95%
HHyderabad | Ho Chi Minh City | Hangzhou | Hong Kong +2 others
95%
KKarachi | Kolkata | Kinshasa | Kuala Lumpur +1 other
95%
NNew York | Nagoya | Nanjing | Nairobi
95%
JJakarta | Johannesburg
93%
TTokyo | Tehran | Tianjin | Taipei +2 others
93%
XXiamen | Xi'an
93%
GGuangzhou | Guadalajara
90%
PParis | Philadelphia | Pune
88%
RRio de Janeiro | Riyadh | (The) Ruhr
88%
IIstanbul
80%
OOsaka
78%
QQingdao
55%
YYangon
45%

Score Distribution

Percentile by Number Answered

Percent of People with Each Score

Your Score History

You have not taken this quiz